[Event "Kolkata Bengal op"]
[Site "Kolkata"]
[Date "2019.03.19"]
[Round "8"]
[White "Neelash, Saha"]
[Black "Chakrabarti, Tamal"]
[Result "1-0"]
[WhiteElo "2310"]
[BlackElo "1708"]
[PlyCount "77"]
[EventDate "2019.03.15"]
[EventType "swiss"]
[EventRounds "9"]
[EventCountry "IND"]
[SourceTitle "CBM 190 Extra"]
[Source "ChessBase"]
[SourceDate "2019.07.15"]
[SourceVersion "1"]
[SourceVersionDate "2019.07.15"]
[SourceQuality "1"]

1. d4 b6 2. e4 Bb7 3. Bd3 e6 4. Nf3 Nf6 5. Qe2 d5 6. e5 Ne4 7. Nbd2 Nxd2 8. Bxd2 c5 9. c3 Be7 10. h4 Nc6 11. h5 h6 12. 0-0 a6 13. a3 b5 14. b4 c4 15. Bc2 a5 16. Rae1 a4 17. Nh2 Bc8 18. Qg4 Bf8 19. f4 Ne7 20. Qh3 Qb6 21. g4 Bd7 22. f5 0-0-0 23. Nf3 Nc6 24. Nh4 Be7 25. Ng2 Rde8 26. Rf2 Nd8 27. Nf4 Bg5 28. Qg2 Bxf4 29. Bxf4 Qc6 30. Bd2 Reg8 31. f6 g5 32. hxg6 fxg6 33. f7 Rf8 34. Bxg6 Qc7 35. Qh3 Bc6 36. Ref1 Qe7 37. Bxh6 Qg5 38. Bxg5 Rxh3 39. Be7 1-0

[Event "Barcelona Sant Marti op-B 17th"]
[Site "Barcelona"]
[Date "2015.07.21"]
[Round "9"]
[White "Chakrabarti, Tamal"]
[Black "Martinez Hernandez, Emili"]
[Result "1-0"]
[WhiteElo "2009"]
[BlackElo "2018"]
[PlyCount "71"]
[EventDate "2015.07.13"]
[EventType "swiss"]
[EventRounds "9"]
[EventCountry "ESP"]
[SourceTitle "EXT 2016"]
[Source "ChessBase"]
[SourceDate "2015.10.08"]
[SourceVersion "1"]
[SourceVersionDate "2015.10.08"]
[SourceQuality "1"]

1. e4 e6 2. d4 d5 3. Nc3 Nf6 4. Bg5 Be7 5. e5 Nfd7 6. Bxe7 Qxe7 7. f4 a6 8. Nf3 c5 9. dxc5 Nxc5 10. Qd2 b6 11. Bd3 Nxd3+ 12. cxd3 Nc6 13. 0-0-0 b5 14. Kb1 Bb7 15. Ne2 Qb4 16. Qe3 0-0 17. Ned4 Qc5 18. Rc1 Qb6 19. Rhe1 Nxd4 20. Nxd4 Rac8 21. g4 Rxc1+ 22. Kxc1 Qc5+ 23. Kb1 Rc8 24. f5 exf5 25. gxf5 Re8 26. h4 g6 27. e6 fxe6 28. fxe6 Qe7 29. h5 Qf6 30. hxg6 hxg6 31. Qg1 Re7 32. Rf1 Qg7 33. Qg4 Kh8 34. Qg5 Bc8 35. Rh1+ Kg8 36. Qxd5 1-0

[Event "Barcelona Sant Marti op-B 17th"]
[Site "Barcelona"]
[Date "2015.07.19"]
[Round "7"]
[White "Nadal Fajardo, Ricard"]
[Black "Chakrabarti, Tamal"]
[Result "1/2-1/2"]
[WhiteElo "2037"]
[BlackElo "2009"]
[PlyCount "44"]
[EventDate "2015.07.13"]
[EventType "swiss"]
[EventRounds "9"]
[EventCountry "ESP"]
[SourceTitle "EXT 2016"]
[Source "ChessBase"]
[SourceDate "2015.10.08"]
[SourceVersion "1"]
[SourceVersionDate "2015.10.08"]
[SourceQuality "1"]

1. e4 c5 2. Nc3 Nc6 3. f4 g6 4. Nf3 Bg7 5. g3 d6 6. Bg2 Bg4 7. h3 Bxf3 8. Qxf3 Nd4 9. Qd1 e6 10. 0-0 Ne7 11. Ne2 0-0 12. c3 Nxe2+ 13. Qxe2 Rb8 14. a4 a6 15. g4 f5 16. exf5 exf5 17. Re1 Rf7 18. d3 Qd7 19. Bd2 d5 20. Qe6 Rd8 21. Qxd7 Rxd7 22. g5 Nc6 1/2-1/2

[Event "Barcelona Sant Marti op-B 17th"]
[Site "Barcelona"]
[Date "2015.07.17"]
[Round "5"]
[White "Madrid Sole, Antonio"]
[Black "Chakrabarti, Tamal"]
[Result "1/2-1/2"]
[WhiteElo "2031"]
[BlackElo "2009"]
[PlyCount "124"]
[EventDate "2015.07.13"]
[EventType "swiss"]
[EventRounds "9"]
[EventCountry "ESP"]
[SourceTitle "EXT 2016"]
[Source "ChessBase"]
[SourceDate "2015.10.08"]
[SourceVersion "1"]
[SourceVersionDate "2015.10.08"]
[SourceQuality "1"]

1. d4 c5 2. e3 e6 3. Bd3 Nf6 4. Nf3 b6 5. 0-0 Bb7 6. Nbd2 d5 7. c3 Be7 8. dxc5 bxc5 9. Qe2 0-0 10. e4 Nc6 11. Rd1 Qc7 12. exd5 exd5 13. Nf1 Rfe8 14. Re1 Bd6 15. Qd1 Rxe1 16. Qxe1 Re8 17. Qd1 h6 18. Ng3 Ng4 19. Bf5 Nf6 20. Be3 g6 21. Bh3 h5 22. Bg5 Nh7 23. Qd2 Ne5 24. Nxe5 Nxg5 25. Qxg5 Rxe5 26. Qh6 Bf8 27. Qd2 Qe7 28. b3 Kh7 29. Qd3 Bg7 30. Nf1 Re1 31. Rxe1 Qxe1 32. c4 d4 33. g3 Be4 34. Qd2 Qb1 35. Bg2 Bc2 36. Bd5 d3 37. Bxf7 Qa1 38. Kg2 Qc3 39. Qg5 Qf6 40. Qxf6 Bxf6 41. Bd5 Bc3 42. Bf3 Bb1 43. Ne3 Bd4 44. Nd5 Bxa2 45. Bd1 Bb1 46. Kf1 Bc2 47. Ke1 Bxf2+ 48. Kd2 Bg1 49. h3 Bh2 50. Bxc2 dxc2 51. Nf6+ Kg7 52. Ne4 Bg1 53. Kxc2 Kf7 54. Kd3 Ke6 55. Ng5+ Kf5 56. Ne4 Ke5 57. Ng5 Kf5 58. Ne4 g5 59. Nd6+ Ke5 60. Ne4 Kf5 61. Nd6+ Ke5 62. Ne4 Kf5 1/2-1/2